| 000 | 00000nam 2200000zi 4500 |
| 001 | 9.885096 |
| 003 | CaOODSP |
| 005 | 20250127091906 |
| 006 | m o d f |
| 007 | cr ||||||||||| |
| 008 | 200227t20202020quca ob f00| 0 fre d |
| 020 | |a9780660342580 |
| 040 | |aCaOODSP|bfre|erda|cCaOODSP |
| 043 | |an-cn--- |
| 086 | 1 |aEn14-406/2020F-PDF |
| 245 | 00|aGuide de déclaration à l’Inventaire national des rejets de polluants à l’intention du secteur des eaux usées. |
| 250 | |a[Édition 2020]. |
| 264 | 1|a[Gatineau, QC] : |bEnvironnement et Changement climatique Canada = Environment and Climate Change Canada,|c2020. |
| 264 | 4|c©2020 |
| 300 | |a1 ressource en ligne (iii, 57 pages) : |bfigures |
| 336 | |atexte|btxt|2rdacontent/fre |
| 337 | |ainformatique|bc|2rdamedia/fre |
| 338 | |aressource en ligne|bcr|2rdacarrier/fre |
| 500 | |aPublié aussi en anglais sous le titre : Reporting guidance for the wastewater sector to the National Pollutant Release Inventory. |
| 500 | |aTitre de la couverture. |
| 500 | |a« Mars 2019. » |
| 504 | |aComprend des références bibliographiques (pages 50-51). |
| 520 | |a« Le présent guide a été élaboré afin d’aider les exploitants et les gestionnaires des installations d’épuration des eaux usées à comprendre les exigences de déclaration àl’INRP et de leur indiquer la façon de procéder. La conformité à ce guide améliorera la qualité des déclarations et l’exactitude des renseignements fournis »--Introduction, page i. |
| 650 | 6|aPolluants|xSignalement|zCanada. |
| 650 | 6|aEaux usées|xStations de traitement|xAspect de l'environnement|zCanada. |
| 650 | 6|aEaux usées|xÉvacuation|xAspect de l'environnement|zCanada. |
| 710 | 1 |aCanada. |bEnvironnement et changement climatique Canada. |
| 775 | 08|tReporting guidance for the wastewater sector to the National Pollutant Release Inventory.|w(CaOODSP)9.885095 |
| 794 | |tGuide de déclaration à l'Inventaire national des rejets polluants à l'intention du secteur des eaux usées.|b(2024)|w(CaOODSP)9.929359 |
| 856 | 40|qPDF|s2.01 Ko|uhttps://publications.gc.ca/collections/collection_2020/eccc/En14-406-2020-fra.pdf |